Logo BPK

Biblioteka

Politechniki Koszalińskiej

Testing Spoken Language : (Rekord nr 5481)

Szczegóły MARC
000 -ETYKIETA REKORDU
podpole kontrolne o stałej długości 00342nam a2200133 i 4500
001 - NUMER KONTROLNY REKORDU
pole kontrolne bg
040 ## - ŹRÓDŁO KATALOGOWANIA
Instytucja, która utworzyła rekord BPK
041 ## - KOD JĘZYKA
Kod języka tekstu pol
008 - POLE O STAŁEJ DŁUGOŚCI - DANE KONTROLNE
podpole kontrolne o stałej długości s pl f |000 0 pol
100 1# - NAZWA OSOBOWA
Nazwa osobowa UNDERBILL, N.
245 #0 - TYTUŁ/ODPOWIEDZIALNOŚĆ
Tytuł Testing Spoken Language :
Ciąg dalszy tytułu a handbook of oral testing techniques /
Pozostałe elementy strefy tytułu i oznaczenia odpowiedzialności N. Underbill.
260 ## - STREFA ADRESU WYDAWNICZEGO
Miejsce wydania Cambridge,
Data publikacji, dystrybucji/powstania dokumentu 1989.
856 ## - LOKALIZACJA I DOSTĘP DO ELEKTRONICZNYCH DOKUMENTÓW ZDALNYCH
Link (URL) http://koha.tu.koszalin.pl/cgi-bin/koha/opac-detail.pl?biblionumber=5481
Tekst linku Katalog online BPK
942 ## - DODATKOWE ELEMENTY (KOHA)
Typ dokumentu Książka
Egzemplarze
Wycofany Status egzemplarza Uszkodzony Dostępność Lokalizacja stała Lokalizacja bieżąca Miejsce przechowywania Sygnatura Kod kreskowy Typ dokumentu
      Tylko na miejscu Biblioteka Politechniki Koszalińskiej Biblioteka Politechniki Koszalińskiej Czytelnia Wydziałowa ul. Kwiatkowskiego 6e P 44610 01582628 Książka
© 2023 Biblioteka Politechniki Koszalińskiej :: KOHA